000 00620nam a22001937a 4500
005 20251108164224.0
008 250721s1993 xx 000 0 ara d
082 1 4 _a618.1/جاك
100 1 _aجاكوبسون، جودي ل
245 1 0 _aصحة المرأة في فترة الإنجاب :
_bالخطر الكامن /
264 1 _aالقاهرة :
_bالجمعية المصرية للنشر،
_c1993.
300 _a104ص
650 1 7 _aالأمراض النسائية
650 1 7 _aالحمل
650 1 7 _aالولادة
700 1 _aعبد الله، أحمد
_eترجمة
942 _2ddc
_cBK
999 _c6768
_d6768